Implantación de un sistema de información hospitalario Dr. Roberto Calderón Gutiérrez. : en el área de Contabilidad General
El trabajo logrado implementar el sistema de información hospitalario IMASIS (Español) y adaptarlo al sistema organizacional del hospital escuela Manolo Morales (hoy Roberto Calderón Gutiérrez) tomando en consideración los procedimientos y normativas que rigen de los diferentes agentes de hospi...
| Main Authors: | , |
|---|---|
| Other Authors: | |
| Format: | Tesis Section = Libro |
| Language: | Undetermined Spanish |
| Published: |
Managua
UNI
2000
|
| Subjects: |
| LEADER | 01261nam a2200241Ia 4500 | ||
|---|---|---|---|
| 008 | 240830s9999 xx 000 0 und d | ||
| 040 | |a BIBLIOTECA-RUSB/ Mon 005.74 M491 | ||
| 041 | |a spa | ||
| 082 | |a Mon 005.74 M491 | ||
| 100 | 1 | |a Medina Membreño, Selvin | |
| 100 | 1 | |b Guevara Chamorro, Fabiola | |
| 245 | 1 | 0 | |a Implantación de un sistema de información hospitalario Dr. Roberto Calderón Gutiérrez. : en el área de Contabilidad General |
| 260 | |a Managua |b UNI |c 2000 | ||
| 300 | |a 110 p. :il. | ||
| 502 | |a Tesis (Ingeniero en Computación) - UNI, 2000. | ||
| 520 | 3 | |a El trabajo logrado implementar el sistema de información hospitalario IMASIS (Español) y adaptarlo al sistema organizacional del hospital escuela Manolo Morales (hoy Roberto Calderón Gutiérrez) tomando en consideración los procedimientos y normativas que rigen de los diferentes agentes de hospital (pacientes, sanitarios y administrativos), sometido a mejorar la eficiencia de los mismos. | |
| 650 | 7 | |a BASES DE DATOS - SISTEMAS DE INFORMACIÓN - HOSPITALARIA | |
| 650 | 7 | |b INFORMACIÓN CONTABLE - HOSPITAL - DR. ROBERTO CALDERÓN | |
| 650 | 7 | |c LENGUAJE OPEN M | |
| 700 | 1 | |a Tutor: |b Arróliga Téllez, Marlon | |
| 942 | |c BK |2 ddc | ||
| 991 | |a TESIS | ||
| 999 | |c 19809 | ||